NBA Player Alphabet (Retired) - Statistics

General Stats
  • This quiz has been taken 38 times
  • The average score is 9 of 26
Answer Stats
NBA Player Alphabet % Correct
Michael Jordan M
73%
Shaquille O'Neal S
64%
Bill Russell B
61%
Allen Iverson A
55%
Larry Bird L
48%
Wilt Chamberlain W
48%
Oscar Robertson O
45%
Carmelo Anthony C
42%
Tim Duncan T
42%
Isiah Thomas I
39%
Karl Malone K
39%
Elgin Baylor E
36%
Hakeem Olajuwon H
36%
Vince Carter V
30%
Yao Ming Y
30%
Patrick Ewing P
24%
Robert Parish R
24%
Udonis Haslem U
24%
Julius Erving J
21%
Zydrunas Ilgauskas Z
18%
Gary Payton G
12%
Quentin Richardson Q
12%
Xavier McDaniel X
12%
Dikembe Mutombo D
9%
Fat Lever F
9%
Nate Archibald N
9%
No matching quizzes found
Score Distribution
Percent of People with Each Score
Percentile by Number Answered
Your Score History
You have not taken this quiz